An indroduction to linear algebra / (Record no. 84514)

MARC details
000 -LEADER
fixed length control field 00567nam a22001937a 4500
005 - DATE AND TIME OF LATEST TRANSACTION
control field 20140725112642.0
010 ## - LCCN (DPL NO)
LC control number ENG-110078
020 ## - INTERNATIONAL STANDARD BOOK NUMBER
International Standard Book Number 9788120349520
Terms of availability 295.00
035 ## - SYSTEM CONTROL NUMBER
System control number EN-93611
037 ## - SOURCE OF ACQUISITION
Source of stock number/acquisition DBAD/PUB
082 ## - DEWEY DECIMAL CLASSIFICATION NUMBER
Classification number 512.5
100 ## - MAIN ENTRY--PERSONAL NAME
Personal name Marwaha, Alka
245 ## - TITLE STATEMENT
Title An indroduction to linear algebra /
Statement of responsibility, etc by Alka Marwaha
260 ## - PUBLICATION, DISTRIBUTION, ETC. (IMPRINT)
Place of publication, distribution, etc Delhi
Name of publisher, distributor, etc PHI Learning
Date of publication, distribution, etc 2014
270 ## - ADDRESS
Address Rimjhim House, 111,Patparganj Industrial Estate
City Delhi
Postal code 110092
300 ## - PHYSICAL DESCRIPTION
Extent xi,296p.
Dimensions 24cm(pbk)
500 ## - GENERAL NOTE
General note Includes index
942 ## - ADDED ENTRY ELEMENTS (KOHA)
Source of classification or shelving scheme Dewey Decimal Classification
Item type English Books
Call number suffix MAR
Classification part 512.5
Holdings
Withdrawn status Lost status Not for loan Collection code Home library Current library Date acquired Source of acquisition Cost, normal purchase price Full call number Barcode Copy number Cost, replacement price Koha item type
    Not For Loan Non-fiction D.B.Act.Division D.B.Act.Division 23/05/2014 DBAD/PUB 295.00 512.5 MAR EN-93611 1 295.00 English Books

© Delhi Public Library
Hit Counter
free hit counter